<?xml version="1.0" encoding="UTF-8"?>
<marc:record xmlns:marc="http://www.loc.gov/MARC21/slim">
   <marc:leader>00000nam a2200000 a 4500</marc:leader>
   <marc:datafield ind1="1" ind2=" " tag="100">
      <marc:subfield code="a">Moninger, Kristina</marc:subfield>
      <marc:subfield code="4">aut</marc:subfield>
      <marc:subfield code="e">Verfasser/-in</marc:subfield>
   </marc:datafield>
   <marc:datafield ind1=" " ind2=" " tag="653">
      <marc:subfield code="a">Liebe</marc:subfield>
   </marc:datafield>
   <marc:datafield ind1=" " ind2=" " tag="653">
      <marc:subfield code="a">Young Adult</marc:subfield>
   </marc:datafield>
   <marc:datafield ind1=" " ind2=" " tag="653">
      <marc:subfield code="a">New Adult</marc:subfield>
   </marc:datafield>
   <marc:datafield ind1="0" ind2="0" tag="245">
      <marc:subfield code="a">Red summer 1, The first to fall</marc:subfield>
   </marc:datafield>
   <marc:datafield ind1="0" ind2="0" tag="245">
      <marc:subfield code="b">Roman</marc:subfield>
   </marc:datafield>
   <marc:datafield ind1=" " ind2="1" tag="264">
      <marc:subfield code="b">Forever</marc:subfield>
   </marc:datafield>
   <marc:datafield ind1="1" ind2=" " tag="520">
      <marc:subfield code="a">Jakobs Träume zerplatzen, als es bei einer Bergtour mit Freunden zu einem tragischen Vorfall kommt. Von der Polizei verdächtigt, darf er das Land nicht verlassen. Zugleich ist er gezwungen, das Alpenchalet seiner Mutter vor dem Ruin zu bewahren. Besessen widmet er sich dieser Aufgabe, bis Aurora mit ihrem Van auftaucht und Nachforschungen zum Tod ihrer Schwester anstellt. Ohne zu ahnen, welches erschütternde Geheimnis zwischen ihnen steht, fühlen sie sich magnetisch voneinander angezogen. Doch Jakob kämpft verbissen gegen die Gefühle an, denn er glaubt, ihre Liebe nicht zu verdienen. Nicht nach dem, was er getan hat ... (Verlagstext)</marc:subfield>
   </marc:datafield>
   <marc:datafield ind1=" " ind2=" " tag="020">
      <marc:subfield code="a">9783989780118</marc:subfield>
      <marc:subfield code="9">9783989780118</marc:subfield>
   </marc:datafield>
</marc:record>
